00408 2200169 4500001002100000005001500021008004100036035001900077041000700096082000800103090001400111100001600125245003300141260002800174300001900202650001700221INLIS00000000001867120241224115540241224||||||||| | ||| |||| || |  0010-1224018671 aid0 a813 a813 BLY l0 aEnid Blyton00aLIMA SEKAWAN BERAKSI KEMBALI aJakartabGramediac1985 a180hlm;11x18cm 0aKesusastraan